Výsledky medzinárodnej vedeckej spolupráce socialistických krajín v oblasti starostlivosti o dieťa vychovávané v kolektívnom zariadení

Bibliographic Details
Main Author: Habiňáková, Erika (Author)
Format: Article
Language:Slovak

MARC

LEADER 00000nab a2200000uu 4500
001 vtls011437818
003 SK-MaSNL
005 20260303145634.0
008 230222| xo |||||||||||||||||slo|
015 |a SNBRB 
035 |a (urnnbn)urn:nbn:sk:snk:ar-002mf4 
035 |a (uuid)2ef47664-4f52-4fcc-94ed-db721f7c9db8 
035 |a urn:nbn:sk:snk-abccw1 
040 |a SNKBUCL  |b slo  |c SNKBUCL  |e AACR2 
041 0 |a slo 
044 |a xo  |c SK 
100 1 |a Habiňáková, Erika  |4 aut  |9 5469 
245 1 0 |a Výsledky medzinárodnej vedeckej spolupráce socialistických krajín v oblasti starostlivosti o dieťa vychovávané v kolektívnom zariadení  |c Erika Habiňáková 
773 0 |t Predškolská výchova : pedagogický časopis pre učiteľky materských škôl  |g Roč. 30, č. 6 (1975-1976), s. 155-158 
954 |a odborná, vedecká literatúra pôvodná (slovenská)  |2 lita 
958 |a OND 
958 |a EUIPO 
958 |a article16 
999 |c 2004263  |d 2006193